Quizzes
Events
Quiz Creation
Community
Videos
Private Events
Remove Ads
Sign In
Join for FREE
Feedback
Dark Mode
Quiz Categories
Sports
Geography
Music
Movies
Television
Just For Fun
Miscellaneous
History
Literature
Language
Science
Gaming
Entertainment
Religion
Holiday
For Kids
Quiz Lab
Recent
Popular Today
Quiz Kudos Today
Editor Picks
Curator Picks
Quizzes by...
Day
Popularity
Type
Ratings
Length
Year
Community
Subscriptions
Recent Discussions
Orange Saloon
Badges
Playlists
Quests
Create
Leaderboards
Showdown
Live 5
Trivia Bingo
Activity
Puzzle Library
Sporcle Events
Private Events
Virtual Trivia
Globe League
Become a Host
Pub Owners
SporcleCon
Opinionation
Our Games
Videos
Blog
Mobile Apps
Partnerships
Remove Ads and Go Orange
Feedback
Movies
Disney
Marvel Cinematic Universe
Movie Resume
Movie Titles
Oscar
Actor
Actress
Director
Pixar
Role
Movie Quotes
Movie Characters
Box Office
Nominee
Best Picture
Star Wars
James Bond
Horror Movies
Movies
Disney
Marvel Cinematic Universe
Movie Resume
Movie Titles
Oscar
Actor
Actress
Director
Pixar
Role
Movie Quotes
Movie Characters
Box Office
Nominee
Best Picture
Star Wars
James Bond
Horror Movies
Random Quiz
Search Sporcle
×
Quiz Lab
Quiz Lab
Movies
Actress
Type in answers that appear in a list
Type in answers that appear in a list
Classic
Best Score? Go Orange.
Top Selling DVDs 2009 Stats
Can you name the Top Selling DVDs for 2009?
By
robhop
10m
20 Questions
69 Plays
69 Plays
69 Plays
Comments
Comments
Give Quiz Kudos
Give Quiz Kudos
-
- Ratings
hide this ad
More Info
Replay
Link that replays current quiz
Next Quiz
Link to next quiz in quiz playlist
You Got
0%
They Got
Avg Score
58%
Avg Friend Score
Upgrade to see
Score Distribution
Jump to the score distribution portion of the page
Score
0/20
Timer
10:00
0
Plays Today
Actor or Actress
Movie-DVD
% Correct
Kristen Stewart
Twilight
81.2%
Shia LaBeouf
Transformers Revenge of the Fallen
81.2%
Daniel Radcliffe
Harry Potter and the Half Blood Prince
78.3%
Edward Asner (Animated)
Up
76.8%
Zach Galifianakis
The Hangover
72.5%
Ray Romano (Animated)
Ice Age Dawn of the Dinosaurs
72.5%
Hugh Jackman
X-Men Origins Wolverine
71%
Ben Stiller (Animated)
Madagascar Escape 2 Africa
69.6%
Heath Ledger
The Dark Knight
68.1%
Liam Neeson
Taken
66.7%
Actor or Actress
Movie-DVD
% Correct
John Travolta (Animated)
Bolt
59.4%
Chris Pine
Star Trek
56.5%
Clint Eastwood
Gran Torino
56.5%
Miley Cyrus
Hannah Montana
55.1%
Kevin James
Paul Blart Mall Cop
52.2%
Reese Witherspoon (Animated)
Monsters vs Aliens
50.7%
Sandra Bullock
The Proposal
37.7%
Owen Wilson
Marley and Me
37.7%
Dennis Quaid
G.I. Joe The Rise of the Cobra
15.9%
Drew Barrymore
Beverly Hills Chihuahua
2.9%
Quiz Playlist
Details
Report
Send in Message
Add To Playlist
More Info:
Use the actor or actress name to help choose the top selling DVDs for 2009. Movies are listed in order of number of DVD units sold in the US.
Classic:
Type in answers that appear in a list
Quiz Source
Last Updated: Feb 16, 2017
Quiz Scoreboard
CHALLENGE
Sign Up to Join the Scoreboard
Show All
Scores
Hide
Comments
May contain spoilers
Recently Published
Billboard Blitz: Fleetwood Mac
by CooCooCachoo
Music
15s
Presidents Visiting Landmarks
by Hejman
History
7m
An Introduction to Baseball
by treessimontrees
Sports
5m
More to Explore
Quiz From the Vault
Featured Blog Post
Where Did the Easter Bunny Come From?
hide this ad
You Might Also Like...
Tags
Actor Quiz
Actress Quiz
Animation Quiz
Movie Titles Quiz
2009
DVD
Movie Stars
purchase
Purchased
sale
Top 20
Today's Top Quizzes in Movies
Browse Movies
hide this ad
Today's Top Quizzes in Actress
Browse Actress
Top Contributed Quizzes in Movies
1
Pick 5 Posters: Directed by Spielberg
2
7-to-1: Pixar Characters
3
Pick 5 Posters: Lowest-Rated Spielberg
4
Sorting Actors
5
Pick 5 Posters: Directed by Scorsese
6
Sorting Actresses
7
Pick 5 Posters: Star & Director
8
Pick 5 Posters: Women Directed 2020s
9
12 Movies about Fictional 1960s Events
10
Multi-Oscar Nominations, One Movie, One Winner
Explore More
Trending Topics
Crossword
NBA
Kpop
Marvel
Anime
Harry Potter
Disney
Pokémon
Soccer
Country
WWE
The Office
Puzzle
NFL
Song
hide this ad
More By:
robhop
Quiz
Plays
Rating
Category
Featured
Created
6 Most Populous Cities in Each State
152,010
4.72
Geography
Feb 5, 2014
25 Least Populous European Countries
145,719
4.60
Geography
Nov 23, 2013
Populous Countries (Asia)
104,722
4.74
Geography
Oct 23, 2013
30 Most Populous Cities In South America
55,276
4.34
Geography
Oct 22, 2013
Money Makin' Musicians (2012)
43,305
4.02
Music
Mar 11, 2013
Go to Creator's Profile
Score Distribution
Quiz Creator Spotlight
robhop
Follow
Send a Message
Quizzes Created
-
Created Quiz Play Count
-
More By This Creator
Popular Quizzes Today
1
Find the US States - No Outlines Minefield
2
Find the Countries of Europe - No Outlines Minefield
3
The Countries of the World
4
Find the US States
5
US States
6
Risky Map Clicking: Biggest States A-Z
7
Popular People in 1961
8
Movies - When Are They Set?
More Movies Quizzes
Movies by Actor and Director
Published
Trending Quizzes
Risky Map Clicking: Least Populous States A-Z
1-10 Letter G Words
1-10 Letter F Words
Risky Map Clicking: Next State Alphabetically
Risky Map Clicking: Biggest States A-Z
Recently Updated
Leaping Animals
pecheneg
Reality TV Shows (A-Z)
bhenderson79
Rickey Henderson's Hall of Fame Teammates
pecheneg
Champions League XIs: Arsenal
pecheneg
Quick Pick: Celebrities in WWE's Hall of Fame
aduchscher
A-Z Keypad Blitz II
pecheneg
Multiple Oscar Actors
pecheneg
Mystery Phrase Blitz: Oscar 'Best Actors'
pecheneg
F. Scott Fitzgerald Novels
LTH
Pick 3 Villains
ddd62291
Trending Topics
Disney
Harry Potter
NBA
Anime
Kpop
Marvel
Crossword
Pokémon
Soccer
NFL
WWE
Country
The Office
Song
Puzzle
Your Account Isn't Verified!
In order to create a playlist on Sporcle, you need to verify the email address you used during registration. Go to your
Sporcle Settings
to finish the process.
Report this User
Report this user for behavior that violates our
Community Guidelines
.
Details:
Send Report
Go to the Sporcle.com Mobile Site →
Comments